00614nam a2200193 a 4500001001000000005001700010008004100027041000800068044000800076050002200084100002100106245004200127260004000169300005700209500000900266500010700275650001900382650001900401BRCA_802720190320210112.0210314s1968----nyua###f##---#000-0#eng-# aeng anyu 4aN7124b.S55c19681 aSmith, Robert C.10aThe art of PortugalcRobert C. Smith. aLondonbWeidenfeld & Nicolsonc1968 a320 p.bil. (algunas a color), 280 láminasc28 cm. a3171 aEjemplar igual al 3143 (31-043), cambia el lugar de publicación (New York) y la editorial (Meredith)14aArtezPortugal14aArtevHistoria